| 000 | 00506nam a2200169Ia 4500 | ||
|---|---|---|---|
| 008 | 230718s9999 xx 000 0 und d | ||
| 020 | _a9780007547999 | ||
| 041 | _aeng | ||
| 082 |
_a004 _bCHR |
||
| 100 |
_aChristian B. _9200104 |
||
| 245 |
_aAlgorithms To Live By _bThe Computer Science Of Human Decisions |
||
| 260 |
_c2016 _bWilliam Collins |
||
| 300 | _a351 | ||
| 365 |
_cRs. _b499.00 |
||
| 700 |
_aChristian B. & Griffiths T. _9200105 |
||
| 906 |
_dO:0555827-Jun-2017B:325629-May-2017 _cCOMP _b109.78 |
||
| 999 |
_c344822 _d344822 |
||